000
00322nam a2200133Ia 4500
008
220216s9999 xx 000 0 und d
100
_a
Ouseph Thomas
245
0
_a
Demand for natural rubber to stay firm
260
_b
Rubber Asia
_c
1994
300
_a
73-76
650
_a
Demand
650
_a
Natural rubber
942
_c
JS
999
_c
56792
_d
56792